[Event "Oberliga Ost-B 1617"]
[Site "Germany"]
[Date "2017.04.23"]
[Round "9.3"]
[White "Legde, Georg"]
[Black "Alber, Horst"]
[Result "1-0"]
[WhiteElo "2309"]
[BlackElo "2318"]
[PlyCount "69"]
[EventDate "2016.10.16"]
[EventType "team-tourn"]
[EventRounds "11"]
[EventCountry "GER"]
[SourceTitle "EXT 2018"]
[Source "ChessBase"]
[SourceDate "2017.10.13"]
[SourceVersion "1"]
[SourceVersionDate "2017.10.13"]
[SourceQuality "1"]
[WhiteTeam "Moerlenbach Birkenau"]
[BlackTeam "Marburg"]
[WhiteTeamCountry "GER"]
[BlackTeamCountry "GER"]

1. d4 Nf6 2. c4 g6 3. g3 Bg7 4. Bg2 c6 5. Nf3 0-0 6. 0-0 d6 7. Nc3 Nbd7 8. e3 e5 9. a4 a5 10. b3 Qb6 11. Ba3 exd4 12. exd4 Ne8 13. Ne4 Qc7 14. Qd2 f5 15. Nc3 Ndf6 16. Rae1 Ng4 17. h3 Bh6 18. Ng5 Qd8 19. f4 Ngf6 20. Kh2 Qb6 21. Re3 Bd7 22. c5 Qc7 23. d5 Rd8 24. dxc6 bxc6 25. cxd6 Qb8 26. Qa2 Kh8 27. Re7 Bg7 28. Rd1 h6 29. Nf3 Qb6 30. Ne5 Kh7 31. Nc4 Qa7 32. Bxc6 Ne4 33. Nxe4 fxe4 34. Ne5 Qe3 35. Bc1 1-0

[Event "Oberliga Ost-B 1617"]
[Site "Germany"]
[Date "2017.02.18"]
[Round "6.1"]
[White "Alber, Horst"]
[Black "Lubbe, Nikolas"]
[Result "0-1"]
[WhiteElo "2318"]
[BlackElo "2500"]
[PlyCount "58"]
[EventDate "2016.10.16"]
[EventType "team-tourn"]
[EventRounds "11"]
[EventCountry "GER"]
[SourceTitle "EXT 2018"]
[Source "ChessBase"]
[SourceDate "2017.10.13"]
[SourceVersion "1"]
[SourceVersionDate "2017.10.13"]
[SourceQuality "1"]
[WhiteTeam "Marburg"]
[BlackTeam "Neuberg"]
[WhiteTeamCountry "GER"]
[BlackTeamCountry "GER"]

1. d4 Nf6 2. c4 e6 3. Nc3 Bb4 4. e3 0-0 5. Nge2 d5 6. a3 Be7 7. Nf4 c6 8. Bd3 Nbd7 9. cxd5 exd5 10. Qf3 Re8 11. Bd2 Nf8 12. h3 Bd6 13. 0-0 Qe7 14. Rfc1 Ne4 15. Be1 f5 16. g3 g5 17. Ng2 Ng6 18. Qh5 Be6 19. Rc2 Bf7 20. Qf3 Rf8 21. Bf1 Rae8 22. b4 f4 23. exf4 gxf4 24. gxf4 Be6 25. Nxe4 dxe4 26. Qxe4 Qg7 27. Rc3 Nxf4 28. f3 Bxh3 29. Qc2 Bxg2 0-1